Richest countries in the world by total National Net Worth - Statistics

General Stats
  • This quiz has been taken 136 times
  • The average score is 13 of 15
Answer Stats
Net Worth Country % Correct
63,827 Billion US Dollar China
99%
105,990 Billion US Dollar United States
98%
14,341 Billion US Dollar United Kingdom
96%
14,660 Billion US Dollar Germany
95%
24,992 Billion US Dollar Japan
95%
13,729 Billion US Dollar France
94%
8,573 Billion US Dollar Canada
93%
12,614 Billion US Dollar India
92%
7,772 Billion US Dollar Spain
90%
11,358 Billion US Dollar Italy
88%
7,202 Billion US Dollar Australia
87%
7,302 Billion US Dollar South Korea
80%
3,719 Billion US Dollar Netherlands
68%
3,877 Billion US Dollar Switzerland
60%
4,062 Billion US Dollar Taiwan
49%
No matching quizzes found
Score Distribution
Percent of People with Each Score
Percentile by Number Answered
Your Score History
You have not taken this quiz